000 00894nam a2200265 i 4500
003 OSt
005 20221227111251.0
008 221213s2022 enkabo gr 000 0 eng d
020 _a9781789098792
_qhardback
_cRM 157.40
040 _aPPAK
_beng
_cPPAK
_erda
082 0 4 _a641.5
_223
090 0 0 _a641.5
_bTHE
_dR
100 1 _aTheoharis, Tara,
_eauthor.
245 1 0 _aTOMB RAIDER :
_bTHE OFFICIAL COOKBOOK AND TRAVEL GUIDE /
_cRECIPES BY TARA THEOHARIS ; TEXT BY SEBASTIAN HALEY AND MEAGAN MARIE.
264 1 _aLondon :
_bTitan Publishing Group Limited,
_c2022.
264 4 _c©2022
300 _a145 pages :
_bcolour illustrations, colour maps, colour photographs ;
_c26 cm
336 _atext
_2rdacontent
336 _astill image
_2rdacontent
337 _aunmediated
_2rdamedia
338 _avolume
_2rdacarrier
650 1 0 _aCookbooks
650 0 _aTomb raider
942 _2ddc
_cB
999 _c190574
_d190574